Представление документа в формате RUSMARC

ПолеНазваниеЗначение
  Тип записи a
  Библиографический уровень m
001 Контрольный номер 9d27ed389362486db48646b3142aa6c2
005 Дата корректировки 20151204094655.6
010 Индекс ISBN __
a ISBN 978-5-16-009058-0
010 Индекс ISBN __
a ISBN 978-5-16-100235-3
101 Язык документа 0_
a Язык текста rus
102 Страна публикации __
a Страна публикации RU
200 Заглавие и сведения об ответственности 1_
a Заглавие Социальные технологии формирования лидерских качеств у будущих руководителей в вузовской среде
b Общее обозначение материала Текст
e Сведения, относящиеся к заглавию монография
f Первые сведения об ответственности К.К. Оганян
210 Выходные данные 1_
a Место издания Москва
c Издательство ИНФРА-М
d Дата издания 2014
215 Физическое описание __
a Объем 140 с.
225 Серия 2_
a Серия Научная мысль
610 Ключевые слова 0_
a Ключевые слова лидерство
a Ключевые слова стиль управления
610 Ключевые слова 0_
a Ключевые слова социлогия личности
610 Ключевые слова 0_
a Ключевые слова лидерские качества
a Ключевые слова организационная культура
a Ключевые слова социальные технологии
a Ключевые слова вуз
610 Ключевые слова 0_
a Ключевые слова монография
686 Индексы других классификаций __
a Классификационный индекс 60.55
686 Индексы других классификаций __
a Классификационный индекс 74.58
700 Автор _1
a Фамилия Оганян
b Имя К. К.
801 Источник записи _0
a Страна RU
b Организация РУК
g Правила каталогизации PSBO
801 Источник записи _1
a Страна RU
b Организация РУК
c Дата составления 20151126
g Правила каталогизации PSBO
852 Данные о местонахождении __
i Авторский знак О-36
j Шифр хранения ББК 60.5
901 Тип документа __
t Тип документа m
937 Технологическая информация __
a Создатель записи (имя) Мясникова
938 Служебная информация __
a Название организации Головной вуз
952 Тип литературы __
c Вид литературы монография